| 000 | 01318nam0a2200301 4500 | ||
|---|---|---|---|
| 001 | RU\NLR\BIBL_A\012115223 | ||
| 005 | 20260405072941.0 | ||
| 010 |
_a5-7182-0001-7 _bИнфармхим _950000 |
||
| 035 | _a(NLR Aleph) 012115223 | ||
| 090 |
_a11963687 _c11963687 |
||
| 100 | _a20191009d1994 |||y0rusy50 ca | ||
| 101 | 0 | _arus | |
| 102 | _aRU | ||
| 105 | _aa z 001zy | ||
| 200 | 1 |
_aРегистр лекарственных средств России _eРЛС _eдополнение [1 _fподгот.: Г. Л. Вышковский и др.] _gгл. ред.: Ю. Ф. Крылов |
|
| 210 |
_aМ. _cИнфармхим _cФармавита _d1994 |
||
| 215 |
_a479, [16] с. _cил. _d27 |
||
| 320 | _aБиблиогр. в конце кн. (16 назв.) | ||
| 320 | _aУказ.: с. 11-226 | ||
| 606 | 1 |
_aФармацевтические препараты _jСправочники _9902863 _3RU\NLR\AUTH\668494 |
|
| 686 | 3 | _aР28я22 | |
| 702 | 1 |
_aВышковский _bГ. Л. _4220 |
|
| 702 | 1 |
_4340 _7ca _8rus _aКрылов _bЮ. Ф. _cд-р мед. наук, фармакология _f1938- _gЮрий Федорович _98402 _3RU\NLR\AUTH\7725353 |
|
| 852 |
_aNLR _j93-7/392 |
||
| 942 | _cBOOK | ||
| 980 | _aNB | ||